000 00760nam a2200229 i 4500
001 144012
003 ES-MaACL
005 20230906200926.0
007 t|
008 070214s1952 sp abf |||| | spa d
080 _a796.52
100 1 _aShipton, Eric.
_9106136
245 1 0 _aPor las cumbres escaladas en tres continentes /
_cEric Shipton ; prólogo de Goffrey Winthrop Young ; traducción de Eduardo Valentí.
250 _a1ª ed.
260 _aBarcelona :
_bJuventud,
_c1952.
300 _a224 p., 160 lám. :
_bil., 4 mapas ;
_c22 cm.
650 4 _aMontañismo.
_9139850
650 4 _aEscalada.
_9151312
700 1 _aYoung, Geoffrey Winthrop.
_9151313
700 1 _aValentí Fiol, Eduardo.
_9112600
852 _aES-MaACL
_jD-8606
_z- Enc. cart.
999 _c144012
_d144012